On course for first certificate : Teachers' book /

Gespeichert in:
Bibliographische Detailangaben
Hauptverfasser: Andrews, Stephen (Verfasst von), Garton-Sprenger, Judy (Verfasst von), Greenall, Simon (Verfasst von)
Format: Buch
Sprache:Englisch
Veröffentlicht: Oxford : Heinemann International a division of Heinemann Educational Books Ltd, 1989
Ausgabe:1.vyd.
Tags: Tag hinzufügen
Keine Tags, Fügen Sie das erste Tag hinzu!

MARC

LEADER 00000nam a22000003a 4500
001 stu4643
005 20150617225810.8
008 931012s1989----uk------------------eng-d
020 |a 0-435-28171-2 
040 |a STU  |b slo 
041 0 |a eng 
044 |a uk 
080 |a 802.0(075.9) 
100 1 |a Andrews, Stephen  |4 aut 
245 1 |a On course for first certificate :  |b Teachers' book /  |c [aut.] Andrews,Stephen; Garton-Sprenger,Judy; Greenall,Simon 
250 |a 1.vyd. 
260 |a Oxford :  |b Heinemann International a division of Heinemann Educational Books Ltd,  |c 1989 
300 |a 128 s 
700 1 |a Garton-Sprenger, Judy  |4 aut 
700 1 |a Greenall, Simon  |4 aut 
996 |b E78322  |c E*78322  |l EE18  |s P  |a 0  |w stu4643_0001